Cognitive linguistics and translation
Saved in:
| Main Authors: | , |
|---|---|
| Format: | Bog |
| Sprog: | engelsk |
| Udgivet: |
Berlín
Walter de Gruyter
2013
|
| Udgivelse: | 1a. ed |
| Serier: | Applications of Cognitive Linguistics, 23
|
| Fag: | |
| Tags: |
Tilføj Tag
Ingen Tags, Vær først til at tagge denne postø!
|
MARC
| LEADER | 00000cam a2200000 a 4500 | ||
|---|---|---|---|
| 001 | UCE9734 | ||
| 003 | CL-VaPUC | ||
| 008 | 151106e20130000gw |||||||||||||||||eng|d | ||
| 020 | |a 9783110301991 | ||
| 082 | 0 | 4 | |a 418.007 |b ROJ |2 21 |
| 100 | 0 | |a Rojo, Ana |e author |9 582623 | |
| 700 | |a Ibarretxe-Antuñano, Iraide |e author |9 586950 | ||
| 245 | 1 | 0 | |a Cognitive linguistics and translation |
| 250 | |a 1a. ed | ||
| 300 | |a 419 p | ||
| 942 | |c BK | ||
| 945 | |d 20151106 14:16:00 |a dcastane | ||
| 260 | |a Berlín |b Walter de Gruyter |c 2013 | ||
| 650 | 0 | |a Lingüística aplicada |9 313266 | |
| 650 | 0 | |a Traducción e interpretación |9 315998 | |
| 583 | |a last modification |c 20151106 14:16:00 |k Rodrigo Vera | ||
| 490 | 0 | |a Applications of Cognitive Linguistics, 23 | |
| 999 | |c 361379 |d 361377 | ||
| 952 | |0 0 |1 0 |3 erd |4 0 |6 418_007000000000000_ROJ_2013 |7 0 |8 A |9 471822 |a BIBEDU |b BIBEDU |c ES_NOD |i 5246695 |l 1 |o 418.007 ROJ 2013 |p 5246695 |r 2023-08-09 |s 2022-09-07 |w 2019-11-24 |y BK |z Catalogado en:20151106 |k LIT | ||